| 000 | 00828nam a2200157Ia 4500 | ||
|---|---|---|---|
| 003 | SGT | ||
| 020 | _a8174091203 | ||
| 082 |
_a628.1 _bGAR |
||
| 100 | _aGarg,S.K | ||
| 245 | _aWater supply engineering | ||
| 260 |
_bKhanna Books Publishing Co. Ltd. _aN. Delhi _c2011 |
||
| 300 | _a1196p. | ||
| 650 | _aCIVIL ENGINEERING, ENVIRONMENTAL ENGINEERING | ||
| 653 | _aWATER DEMANDS, SOURCES OF WATER, HYDRO LOGICAL CONCEPTS AND STUDY OF SURFACE SOURCES, SURFACE SOURCES OF WATER, DEVELOPMENT OF GROUND WATER, VARIOUS FORMS OF UNDERGROUND SOURCES, INTAKES FOR COLLECTING SURFACE WATER, CONDUITS FOR TRANSPORTING WATER, PUMPS FOR LIFTING WATER, QUALITY CONTROL OF MUNICIPAL AND INDUSTRIAL WATER SUPPLIES, PURIFICATION OF WATER SUPPLIES, DISTRIBUTION SYSTEM, WATER SUPPLY PLUMBING SYSTEMS IN BUILDINGS AND HOUSES, | ||
| 942 |
_2ddc _cBK _081 |
||
| 999 |
_c5261 _d5261 |
||